000 01023cam a2200361 i 4500
001 768714001
003 CO-MdFUSB
005 20220510102050.0
007 ta
008 800424s1966 enk b 00000 eng
020 _a0334011566
040 _aCO-MdFUSB
_bspa
_cCO-MdFUSB
_dCO-MdFUSBC
_erda
041 _aeng
082 _a222.1507
_bR124
_223
100 _aRad, Gerhard Von.
_eautor
245 1 0 _aDeuteronomy :
_ba commentary
_c/ Gerhard Von Rad
264 1 _aLondon :
_bSCM Press,
_c[1966]
264 4 _c©1966
300 _a211 páginas. ;
_c23 cm.
336 _2rdacontent
_atexto
_btxt
337 _2rdamedia
_asin mediación
_bn
338 _2rdacarrier
_avolumen
_bnc
490 4 _aThe Old Testament Library
563 _aPasta dura
630 7 _aBiblia.
_pDeuteronomio
_xCrítica, interpretación, etc.
942 _cBK
945 _aJTF-925
999 _c67806
_d67806